„Vom fröhlichen Wandern“: sächsische Jugendbewegung im Zeitalter der Extreme 1900-1945
| Corporate Author: | |
|---|---|
| Contributors: | ; ; |
| Format: | Print Book |
| Language: | German |
| Subito Delivery Service: | Order now. |
| Check availability: | HBZ Gateway |
| WorldCat: | WorldCat |
| Interlibrary Loan: | Interlibrary Loan for the Fachinformationsdienste (Specialized Information Services in Germany) |
| Published: |
Dresden
Staatliche Kunstsammlungen Dresden - Sächsische Landesstelle für Museumswesen
2015
[Husum] Verlag der Kunst Dresden 2015 |
| In: |
Reihe Weiss-Grün (Nr. 47)
Year: 2015 |
| Volumes / Articles: | Show volumes/articles. |
| Series/Journal: | Reihe Weiss-Grün
Nr. 47 |
| Standardized Subjects / Keyword chains: | B
Saxony
/ Youth movement
/ History 1900-1945
B History 1900-1945 |
| Further subjects: | B
jüdische Jugendbewegung
B christliche Jugend B Collection of essays B Migratory bird B Youth (14-21 years) B Youth Movements (Germany) (Saxony) History 20th century B Neopaganism B Youth (Germany) (Saxony) History 20th century B History 1874-1945 B Youth movement B Life reform movement |
| Online Access: |
Table of Contents |
MARC
| LEADER | 00000cam a2200000 c 4500 | ||
|---|---|---|---|
| 001 | 846624591 | ||
| 003 | DE-627 | ||
| 005 | 20251224201258.0 | ||
| 007 | tu | ||
| 008 | 160222s2015 gw ||||| 00| ||ger c | ||
| 015 | |a 16,N04 |2 dnb | ||
| 016 | 7 | |a 1081313102 |2 DE-101 | |
| 020 | |a 9783865302212 |c Festeinband : EUR 30.80 (AT), EUR 29.95 (DE) |9 978-3-86530-221-2 | ||
| 020 | |a 3865302211 |c : Festeinband : EUR 30.80 (AT) |9 3-86530-221-1 | ||
| 024 | 3 | |a 9783865302212 | |
| 035 | |a (DE-627)846624591 | ||
| 035 | |a (DE-576)455752494 | ||
| 035 | |a (DE-599)DNB1081313102 | ||
| 035 | |a (OCoLC)949950582 | ||
| 035 | |a (OCoLC)985467665 | ||
| 035 | |a (OCoLC)949950582 | ||
| 040 | |a DE-627 |b ger |c DE-627 |e rda | ||
| 041 | |a ger | ||
| 044 | |c XA-DE-SN |c XA-DE-SH | ||
| 050 | 0 | |a HQ799.G32 | |
| 082 | 0 | |a 305.2350943210904 |q DE-101 |2 22/ger | |
| 082 | 0 | 4 | |a 900 |
| 082 | 0 | 4 | |a 300 |a 943 |q DE-101 |
| 084 | |a NZ 10250 |2 rvk |0 (DE-625)rvk/132419: | ||
| 084 | |a DD 4710 |2 rvk |0 (DE-625)rvk/19297: | ||
| 084 | |a 15.48 |2 bkl | ||
| 084 | |a 89.62 |2 bkl | ||
| 191 | |a 1 | ||
| 245 | 0 | 0 | |a „Vom fröhlichen Wandern“ |b sächsische Jugendbewegung im Zeitalter der Extreme 1900-1945 |c herausgegeben von Katja Margarethe Mieth, Justus H. Ulbricht und Elvira Werner |
| 264 | 1 | |a Dresden |b Staatliche Kunstsammlungen Dresden - Sächsische Landesstelle für Museumswesen |c 2015 | |
| 264 | 1 | |a [Husum] |b Verlag der Kunst Dresden |c 2015 | |
| 300 | |a 359 Seiten |b Illustrationen |c 23 cm x 21 cm | ||
| 336 | |a Text |b txt |2 rdacontent | ||
| 337 | |a ohne Hilfsmittel zu benutzen |b n |2 rdamedia | ||
| 338 | |a Band |b nc |2 rdacarrier | ||
| 490 | 1 | |a Reihe Weiß-Grün |v Nr. 47 | |
| 500 | |a Im Impressum "Dresden 2015" als Veröffentlichungsangabe, der Verlag der Kunst Dresden ist aber Teil der Husum Verlagsgruppe mit Sitz in Husum | ||
| 505 | 8 | 0 | |t "Die Klampfe klirrt im Schritt und Tritt ..." : ein Vorwort |r Katja Margarethe Mieth und Justus H. Ulbricht |
| 505 | 8 | 0 | |t "Adler" oder "gezähmtes Wandergeflügel"? : Facetten deutsch-sächsischer Jugendbewegungs-geschichte(n) |r Justus H. Ulbricht |
| 505 | 8 | 0 | |t Die Jugendbewegung im Kontext der Lebensreformbewegung |r Ulrich Linse |
| 505 | 8 | 0 | |t Jugend in Kaiserreich und Zwischenkriegszeit : Konflikt : Bewegung : Wandel |r Winfried Speitkamp |
| 505 | 8 | 0 | |t Generationen im Zeitalter der Extreme : jugendbewegte Generationengeschichte im frühen 20. Jahrhundert |r Jürgen Reulecke |
| 505 | 8 | 0 | |t Der "Sachsengau" entsteht |r Justus H. Ulbricht |
| 505 | 8 | 0 | |t Romantischer Realismus : Jugend im Nachkrieg |r Justus H. Ulbricht |
| 505 | 8 | 0 | |t "Inseln autonomen jüdischen Lebens ..." : Jüdische Jugendbewegung in Sachsen |r Knut Bergbauer |
| 505 | 8 | 0 | |t Die Sächsische Jungenschaft : Abenteurer, Aufrührer, Angepasste? die Jugendbewegung in Sachsen zwischen den beiden Weltkriegen am Beispiel einer Jungengruppe |r Friederike Hövelmans |
| 505 | 8 | 0 | |t Leipziger Meuten und Broadway-Gangster : Oppositionelle Jugendkultur im Nationalsozialismus |r Alexander Lange |
| 505 | 8 | 0 | |t Rudolf Kneip : Chronist der Jugendbewegung in Sachsen!? |r Friederike Hövelmans |
| 505 | 8 | 0 | |t Zivilcourage im Wanderschritt : der sächsische Schulreformer, Nestor der Dresdener Dürerversuchsschule und Heimatforscher Kurt Schumann (1885-1970) |r Andreas Pehnke |
| 505 | 8 | 0 | |t Aufstieg und Fall der Bundeskanzlei Hartenstein (1918-1922) : ein Versuch wirtschaftlicher, sozialer und kultureller Selbsthilfe des Nachkriegs-Wandervogels |r Susann Gramm |
| 505 | 8 | 0 | |t Ein Wandervogel auf politischen Abwegen : Friedrich Emil Krauss und die nationalsozialistische Heimat-Propaganda |r Thomas Schaarschmidt |
| 505 | 8 | 0 | |t Der Puppenspieler Max Jacob (1888-1967) und die Hohnsteiner Handpuppenbühne |r Susann Gramm |
| 505 | 8 | 0 | |t Eine Demokratie im Kleinen : das Volkshochschulheim Sachsenburg und sein Leiter Franz Angermann |r Paul Ciupke |
| 505 | 8 | 0 | |t Paul Sinkwitz : ein jugendbewegter Künstler |r Axel Schöne |
| 505 | 8 | 0 | |t "Wie ein Mensch durch energisches Eintreten Kulturarbeit für Jahrzehnte und Generationen leisten kann" : der Lebensreformer und Wandervogelführer Ferdinand Vetter (1877-1915) |r Dirk Herrmann |
| 505 | 8 | 0 | |t Am "Born des Jugendmutes und der Jugendlust" in der Provinz : Bürgerliche Jugendbewegung in Zittau und Umgebung 1910-1933 |r Dirk Herrmann |
| 505 | 8 | 0 | |t Vom Wandervogel zur sächsischen Jungenschaft : Jugendbewegte Gruppierung im Zwickauer Raum : Spuren im Nachlass von Gottfried Zickner (1897-1980) |r Susann Gramm |
| 505 | 8 | 0 | |t Jugendbewegte auf Lössnitzer Flur : von der Wandervogelbewegung zur Jugendherberge |r Otfried Spindler |
| 505 | 8 | 0 | |t Lebensreform aus christlichem Geist : der katholische Jugendbund Quickborn in Sachsen |r Winfried Mogge |
| 505 | 8 | 0 | |t "Alte Götter und junge Menschen" : Hildulf Rudolf Flurschütz und die völkisch-religiöse Jugendbewegung |r Winfried Mogge |
| 505 | 8 | 0 | |t Inseln jugendbewegter Gemeinschaft in Sachsen nach 1945 zwischen politischer Vereinnahmung der Jugend und deutsch-deutschen Jugendkontakten |r Susanne Rappe-Weber |
| 505 | 8 | 0 | |t Von der Bewegung ins Museum und in die Schule? Anmerkungen zur Rezeption des Themas Jugend(bewegung) |r Alfons Kenkmann |
| 505 | 8 | 0 | |t Anhang ; Abkürzungsverzeichnis ; Personenverzeichnis ; Ortsverzeichnis ; Bildnachweis ; Impressum. |
| 583 | 1 | |a Archivierung/Langzeitarchivierung gewährleistet |f PESN |x XA-DE-SN |2 pdager |5 DE-14 | |
| 583 | 1 | |a Archivierung/Langzeitarchivierung gewährleistet |f PESH |x XA-DE-SH |2 pdager |5 DE-68 | |
| 601 | |a Zeitalter | ||
| 648 | 7 | |a Geschichte 1874-1945 |2 gnd | |
| 650 | 0 | |a Youth Movements |z Germany |z Saxony |x History |y 20th century | |
| 650 | 0 | |a Youth |z Germany |z Saxony |x History |y 20th century | |
| 650 | 0 | 7 | |0 (DE-588)4028859-6 |0 (DE-627)104419199 |0 (DE-576)208979859 |a Jugend |2 gnd |
| 650 | 4 | |a Wandervogel | |
| 650 | 4 | |a Jugendbewegung | |
| 650 | 4 | |a Lebensreform | |
| 650 | 4 | |a jüdische Jugendbewegung | |
| 650 | 4 | |a christliche Jugend | |
| 650 | 4 | |a Neuheidentum | |
| 655 | 7 | |a Aufsatzsammlung |0 (DE-588)4143413-4 |0 (DE-627)105605727 |0 (DE-576)209726091 |2 gnd-content | |
| 689 | 0 | 0 | |d g |0 (DE-588)4051176-5 |0 (DE-627)106178245 |0 (DE-576)209091789 |2 gnd |a Sachsen |
| 689 | 0 | 1 | |d s |0 (DE-588)4028871-7 |0 (DE-627)104137835 |0 (DE-576)208979948 |2 gnd |a Jugendbewegung |
| 689 | 0 | 2 | |q z |2 gnd |a Geschichte 1900-1945 |
| 689 | 0 | |5 DE-101 | |
| 689 | 1 | 0 | |q z |2 gnd |a Geschichte 1900-1945 |
| 689 | 1 | |5 (DE-627) | |
| 700 | 1 | |e HerausgeberIn |e VerfasserIn eines Vorworts |0 (DE-588)123457203 |0 (DE-627)682876968 |0 (DE-576)184611466 |4 edt |4 wpr |a Mieth, Katja Margarethe |d 1968- | |
| 700 | 1 | |e HerausgeberIn |e VerfasserIn eines Vorworts |0 (DE-588)121631362 |0 (DE-627)081433859 |0 (DE-576)181556006 |4 edt |4 wpr |a Ulbricht, Justus H. |d 1954- | |
| 700 | 1 | |e HerausgeberIn |0 (DE-588)1038834147 |0 (DE-627)766584860 |0 (DE-576)392867648 |4 edt |a Werner, Elvira |d 1952- | |
| 710 | 2 | |e Verlag |0 (DE-588)2025515-9 |0 (DE-627)102196427 |0 (DE-576)19177846X |4 pbl |a Verlag der Kunst Dresden | |
| 830 | 0 | |a Reihe Weiss-Grün |v Nr. 47 |9 47 |w (DE-627)251182126 |w (DE-576)036468541 |w (DE-600)1451295-6 |7 am | |
| 856 | 4 | 2 | |u http://d-nb.info/1081313102/04 |m B:DE-101 |q application/pdf |3 Inhaltsverzeichnis |7 1 |
| 935 | |a SAXB | ||
| 935 | |i OFFLINE_4019_NISH | ||
| 935 | |i Blocktest | ||
| 936 | r | v | |a NZ 10250 |b Einzelbeiträge |k Geschichte |k Regionale Landeskunde |k Landesgeschichte Sachsen |k Einzelbeiträge |0 (DE-627)1270868845 |0 (DE-625)rvk/132419: |0 (DE-576)200868845 |
| 936 | r | v | |a DD 4710 |b Jugendbewegung |k Pädagogik |k Geschichte der Pädagogik und des Bildungswesens |k Jugendbewegung |0 (DE-627)127076747X |0 (DE-625)rvk/19297: |0 (DE-576)20076747X |
| 936 | b | k | |a 15.48 |j Sachsen |j Sachsen-Anhalt |j Thüringen |x Geschichte |0 (DE-627)181571048 |
| 936 | b | k | |a 89.62 |j Politische Bewegungen |0 (DE-627)106417169 |
| 951 | |a BO | ||
| ACO | |a 1 | ||
| ELC | |b 1 | ||
| ORI | |a SA-MARC-ixtheo_ob001.raw | ||
| REF | |a Jugend | ||
| REL | |a 1 | ||
| SPR | |a 1 |t IXT |t REL | ||
| STA | 0 | 0 | |a Life reform movement,Lebensreform,Lebensreform,Migratory bird,Neopaganism,Neo-paganism,Saxony,Saxons,Saxons,Saxony,Saxons,Saxony,Electoral Saxony,Northwestern Saxony,Saxons,Northern Saxony,Youth (14-21 years),Adult,Youth (13-21 years),Youth (16 years),Teenagers,Youth,Youth (14-19 years),Youth (12-17 years),Teenagers,Youth,Youth (15-19 years),Youth (15-16 years),Youth (13-17 years),Teenagers,Youth (16-22 years),Youth (15-20 years),Teenagers,Youth,Youth,Youth (13-19 years),Youth (12-14 years),Youth (12-13 years),Teenagers,Youth,Youth,Youth,Teenagers,Teenagers,Teenagers,Teenagers,Youth (13-18 years),Teenagers,Teenagers,Youth (17-19 years),Teenagers,Youth,Youth,Young people,Young person,Teenager,Youth,Youth in art,Adolescence in literature,Youth,Youth,Youth,Youth,Youth,Youth,Youth,Youth,Youth,Youth,Youth,Youth,Young adult,Youth movement |
| STB | 0 | 0 | |a Jeunes (14-21 ans),Jeunes (16-25 ans),Jeunes (13-21 ans),Jeunes (16 ans),Jeunes,Jeunes (13-16 ans),Jeunes (14-19 ans),Jeunes (12-17 ans),Jeunes,Jeunes,Jeunes (15-19 ans),Jeunes (15-16 ans),Jeunes (13-17 ans),Jeunes,Jeunes (16-22 ans),Jeunes (15-20 ans),Jeunes,Jeunes,Jeunes,Jeunes (13-19 ans),Jeunes (12-14 ans),Jeunes (12-13 ans),Jeunes,Jeunes,Jeunes,Jeunes,Jeunes,Jeunes,Jeunes,Jeunes,Jeunes (13-18 ans),Jeunes,Jeunes,Jeunes (17-19 ans),Jeunes,Jeunesse,Adolescents,Jeunesse,Lebensreform,Mouvement de retour à la nature,Mouvement de retour à la nature,Mouvement de jeunesse,Néopaganisme,Saxons,Saxe,Saxons,Wandervogel |
| STC | 0 | 0 | |a Ave migratoria,Jóvenes,Jóvenes,Jóvenes,Jóvenes,Jóvenes,Jóvenes,Jóvenes,Jóvenes,Jóvenes,Jóvenes,Jóvenes,Jóvenes,Jóvenes,Jóvenes,Jóvenes,Jóvenes,Jóvenes,Jóvenes,Juventud,Juventud,Movimiento juvenil,Neopaganismo,Reforma de la vida,Sajones,Sajonia,Sajones |
| STD | 0 | 0 | |a Adolescenti,Adolescenti,Adolescenti,Adolescenti,Adolescenti,Adolescenti,Adolescenti,Adolescenti,Adolescenti,Adolescenti,Adolescenti,Adolescenti,Adolescenti,Adolescenti,Adolescenti,Adolescenti,Adolescenti,Adolescenti,Gioventù <motivo>,Gioventù,Adolescenti,Giovani,Adolescenti,Giovani,Adolescenti (motivo),Giovani (motivo),Adolescenti,Giovani,Lebensreform,Movimento di riforma della vita,Movimento di riforma della vita,Movimento giovanile,Neopaganesimo,Sassoni,Sassoni,Sassoni,Uccello migratore |
| STE | 0 | 0 | |a 候鸟运动,撒克逊人,新异教主义,青少年,青少年,青少年,青少年,青少年,青年,青年,青年,青年,青年,青年运动 |
| STF | 0 | 0 | |a 候鳥運動,撒克遜人,撒克遜人,新異教主義,青少年,青少年,青少年,青少年,青少年,青年,青年,青年,青年,青年,青年運動 |
| STG | 0 | 0 | |a Ave migratória,Jovens,Jovens,Jovens,Jovens,Jovens,Jovens,Jovens,Jovens,Jovens,Jovens,Jovens,Jovens,Jovens,Jovens,Jovens,Jovens,Jovens,Jovens,Juventude,Juventude,Movimento juvenil,Neopaganismo,Reforma da vida,Saxônios,Saxônia,Saxônios |
| STH | 0 | 0 | |a Вандерфогель (молодёжное движение),Движение молодёжи,Жизненная реформа,Молодёжь (16-20 лет),Молодёжь (14-20 лет),Молодёжь (14-17 лет),Молодёжь (17-18 лет),Молодёжь (16-18 лет),Молодёжь (14-15 лет),Молодёжь (12-15 лет),Молодёжь (14-16 лет),Молодёжь (13-15 лет),Молодёжь (13-14 лет),Молодёжь (12-6 лет),Молодёжь (15-18 лет),Молодёжь (16-17 лет),Молодёжь (12-19 лет),Молодёжь (14-18 лет),Молодёжь (14 лет),Молодёжь (15 лет),Молодёжь (12-18 лет),Молодёжь (мотив),Молодёжь,Неоязычество,Саксонцы,Саксония (мотив),Саксония (Германцы) |
| STI | 0 | 0 | |a Αποδημητικό πτηνό,Κίνημα μεταρρύθμισης της ζωής,Lebensreform,Κίνημα νεολαίας,Νεολαία <16-20 ετών>,Νεολαία <14-20 ετών>,Νεολαία <14-17 ετών>,Νεολαία <17-18 ετών>,Νεολαία <16-18 ετών>,Νεολαία <14-15 ετών>,Νεολαία <12-15 ετών>,Νεολαία <14-16 ετών>,Νεολαία <13-15 ετών>,Νεολαία <13-14 ετών>,Νεολαία <12-16 ετών>,Νεολαία <15-18 ετών>,Νεολαία <16-17 ετών>,Νεολαία <12-19 ετών>,Νεολαία <14-18 ετών>,Νεολαία <14 ετών>,Νεολαία <15 ετών>,Νεολαία <12-18 ετών>,Νεολαία <μοτίβο>,Νεολαία,Έφηβοι,Νέοι,Έφηβοι (μοτίβο),Έφηβοι (12-18 ετών),Έφηβοι (15 ετών),Έφηβοι (14 ετών),Έφηβοι (14-18 ετών),Έφηβοι (12-19 ετών),Έφηβοι (16-17 ετών),Έφηβοι (15-18 ετών),Έφηβοι (12-16 ετών),Έφηβοι (13-14 ετών),Έφηβοι (13-15 ετών),Έφηβοι (14-16 ετών),Έφηβοι (12-15 ετών),Έφηβοι (14-15 ετών),Έφηβοι (16-18 ετών),Έφηβοι (17-18 ετών),Έφηβοι (14-17 ετών),Έφηβοι (14-20 ετών),Έφηβοι (16-20 ετών),Νεοπαγανισμός,Σύγχρονος Παγανισμός,Νεο-Παγανισμός,Σάξονες,Σαξονία (μοτίβο),Σάξονες (Γερμανικά φύλα) |
| SUB | |a REL | ||
| SYE | 0 | 0 | |a Kind,Jugend,Jugendalter,Jugendlicher,Teenager , Wandervögel , Lebensreformbewegung,Reformbewegung , Neopaganismus |
| SYG | 0 | 0 | |a Sakska,Sajonia,Sasko,Königreich Sachsen,Kurfürstentum Sachsen,Land Sachsen,Kursachsen,Freistaat Sachsen,Free State of Saxony,Saxe,Saxony,Chur-Sachsen,Etat Libre de Saxe,Republik Sachsen |
| TIM | |a 100019000101_100019451231 |b Geschichte 1900-1945 | ||



